000 00393nam a2200145Ia 4500
008 090124s9999 xx 000 0 und d
082 _b302689
245 _a हाय सोसायटी
250 _a1
260 _bभसे पोपटराव
_c1992
300 _a208
630 _a हाय सोसायटी
730 _a हाय सोसायटी
942 _cBOOK
999 _c192326
_d192326